| 000 | 00892nam1a22002411i 4500 | ||
|---|---|---|---|
| 001 | v19\rc\1256574 | ||
| 005 | 20241225184202.0 | ||
| 035 | _a(NLR Aleph) 004411829 | ||
| 090 |
_a4016852 _c4016852 |
||
| 100 | _a20060306g18911892|||y0rusy50 ca | ||
| 101 | 0 |
_arus _ajpn |
|
| 102 | _aRU | ||
| 105 | _ay j ||||| | ||
| 200 | 1 |
_aЯпонская хрестоматия _e[Для студентов Факультета вост. яз.]. Вып. 1-2 _fИзд. И[осибумо] Куроно |
|
| 210 |
_aСанкт-Петербург _cлит. А. Иконникова _d1891-1892 |
||
| 215 |
_a2 т. _d27 |
||
| 300 | _aЧастные загл. вып. на отд. тит. листах | ||
| 300 | _aТекст на япон. яз. | ||
| 700 | 1 |
_aКуроно _bИ. _f1859-1918 _gИосибуми |
|
| 801 | 0 |
_aRU _bNLR _gpsbo |
|
| 801 | 1 |
_aRU _bProSoft-M _2rusmarc |
|
| 852 |
_aNLR _j18.180.1.3 |
||
| 942 | _cBOOK | ||